Loading...
| History - European | 0 | 6 | 2 | 1 | 50 | 20 | 68.83 | 3 | 4 | 23.63 | 35.14 |
| History - Other | 0 | 6 | 2 | 0 | 50 | 43 | 68.17 | 4 | 4 | 22.82 | 40.51 |
| History - World | 0 | 3 | 0 | 0 | 30 | 54 | 62.33 | 1 | 2 | 13.24 | 20.69 |
| Geography | 0 | 2 | 0 | 0 | 20 | 60 | 82.00 | 1 | 1 | 33.99 | 75.00 |
| Literature - British | 0 | 2 | 0 | 0 | 20 | 44 | 57.50 | 2 | 2 | 9.54 | 15.28 |
| Literature - European | 0 | 2 | 0 | 1 | 20 | 75 | 76.50 | 1 | 2 | 7.78 | 14.17 |
| Religion | 0 | 3 | 2 | 2 | 20 | 66 | 79.33 | 2 | 3 | 8.66 | 23.61 |
| Literature - American | 0 | 2 | 0 | 0 | 20 | 54 | 56.50 | 2 | 2 | 9.90 | 16.67 |
| History - American | 0 | 2 | 1 | 0 | 15 | 46 | 59.00 | 1 | 2 | 8.75 | 14.81 |
| Fine Arts - Classical Music | 0 | 1 | 0 | 0 | 10 | 65 | 65.00 | 0 | 1 | 3.86 | 7.50 |
| Fine Arts - Other | 0 | 1 | 0 | 0 | 10 | 123 | 123.00 | 0 | 1 | 0.91 | 6.94 |
| Mythology | 0 | 2 | 2 | 0 | 10 | 33 | 47.00 | 1 | 2 | 10.40 | 15.28 |
| Other Academic | 0 | 1 | 0 | 0 | 10 | 82 | 82.00 | 1 | 1 | 13.09 | 33.33 |
| Science - Biology | 0 | 1 | 0 | 0 | 10 | 43 | 43.00 | 1 | 1 | 4.95 | 7.41 |
| Literature - World | 0 | 1 | 1 | 1 | 5 | 110 | 110.00 | 0 | 0 | 0.94 | 2.78 |
| Popular Culture | 0 | 0 | 1 | 0 | -5 | 0.00 | 0 | 0 | 0.00 | 0.00 | |
| Science - Other | 0 | 0 | 1 | 0 | -5 | 0.00 | 0 | 0 | 0.00 | 0.00 | |
| Fine Arts - Painting and Sculpture | 0 | 0 | 2 | 0 | -10 | 0.00 | 0 | 0 | 0.00 | 0.00 |